Africa and Asia Speedrun 1-Minute - Statistics

General Stats
  • This quiz has been taken 6 times
  • The average score is 41 of 102
Answers on the Map
Answers color-coded by a green-red scale on the quiz's map according to % correct below.
 
Answer Stats
Answer % Correct
Kazakhstan
100%
Mongolia
100%
Afghanistan
67%
Algeria
67%
Armenia
67%
Azerbaijan
67%
Bahrain
67%
Bangladesh
67%
Benin
67%
Bhutan
67%
Brunei
67%
Cambodia
67%
China
67%
Cyprus
67%
East Timor
67%
Georgia
67%
India
67%
Indonesia
67%
Iran
67%
Iraq
67%
Israel
67%
Japan
67%
Jordan
67%
Kuwait
67%
Kyrgyzstan
67%
Laos
67%
Lebanon
67%
Malaysia
67%
Maldives
67%
Myanmar
67%
Nepal
67%
North Korea
67%
Oman
67%
Pakistan
67%
Philippines
67%
Qatar
67%
Saudi Arabia
67%
Singapore
67%
South Korea
67%
Sri Lanka
67%
Syria
67%
Taiwan
67%
Tajikistan
67%
Thailand
67%
Turkey
67%
Turkmenistan
67%
United Arab Emirates
67%
Uzbekistan
67%
Vietnam
67%
Yemen
67%
Angola
33%
Botswana
33%
Chad
33%
Comoros
33%
Democratic Republic of the Congo
33%
Egypt
33%
Equatorial Guinea
33%
Ghana
33%
Ivory Coast
33%
Liberia
33%
Libya
33%
Madagascar
33%
Mauritius
33%
Morocco
33%
Niger
33%
Nigeria
33%
Republic of the Congo
33%
Seychelles
33%
South Sudan
33%
Sudan
33%
Togo
33%
Tunisia
33%
Burkina Faso
0%
Burundi
0%
Cameroon
0%
Cape Verde
0%
Central African Republic
0%
Djibouti
0%
Eritrea
0%
Eswatini
0%
Ethiopia
0%
Gabon
0%
Gambia
0%
Guinea
0%
Guinea-Bissau
0%
Kenya
0%
Lesotho
0%
Malawi
0%
Mali
0%
Mauritania
0%
Mozambique
0%
Namibia
0%
Rwanda
0%
São Tomé and Príncipe
0%
Senegal
0%
Sierra Leone
0%
Somalia
0%
South Africa
0%
Tanzania
0%
Uganda
0%
Zambia
0%
Zimbabwe
0%
No matching quizzes found
Score Distribution
Percent of People with Each Score
Percentile by Number Answered
Your Score History
You have not taken this quiz